000 02808cam a2200337 4500500
005 20260322004341.0
041 _afre
042 _adc
100 1 0 _aSoedje, Kokou Messanh Agbemele
_eauthor
700 1 0 _aKpassagou, Bassantéa Lodegaena
_eauthor
700 1 0 _aLawson, Jean-Paul
_eauthor
700 1 0 _aHatta, Ogma
_eauthor
700 1 0 _aSalifou, Saliou
_eauthor
700 1 0 _aWenkourama, Daméga
_eauthor
700 1 0 _aDassa, Kolou Simliwa
_eauthor
245 0 0 _aLes « Nana Benz » et l’incendie du grand marché de Lomé: organisation d’une prise en charge médico-psychologique et culturelle
260 _c2014.
500 _a5
520 _aIntroduction : le grand marché de Lomé a été victime d’un incendie suivi de scènes de pillage en janvier 2013. Les revendeuses ont été des témoins impuissants de cette situation. Objectif : ce travail avait pour but de mettre en relief les aspects culturels particuliers, à partir de cette intervention, les conséquences et les besoins psychologiques des impliqués directs aux prises avec cet événement traumatique. Méthodologie : après avoir présenté les modalités pratiques d’intervention et de prises en charge immédiates, nous exposerons les différentes articulations du suivi psychologique. Nous finirons par une analyse critique de la symptomatologie immédiate et post-traumatique observée. Conclusion : la perte de repère restait importante dans la démarche thérapeutique et devrait être intégrée lors d’éventuels événements délicats et/ou traumatiques.
520 _aIntroduction : the big market of Lome was a victim of a fire followed by scenes of plunder in January, 2013. The retailers were powerless witnesses of this is situation. Objective : this study aimed to highlight the particular cultural aspects, from this intervention, the consequences and psychological needs of those directly involved dealing with this traumatic event. Methodology : after presenting the intervention practices and procedures taken immediate charge, we will discuss the different joints of psychological counseling. We will finish with a critical analysis of the immediate post-traumatic symptoms observed. Conclusion : the loss of reference remained important in the treatment process and should be integrated at any sensitive events and / or traumatic.
690 _aÉquipe d’urgence médico-psychologique
690 _agrand marché de Lomé
690 _aincendie
690 _aTogo
690 _abig market of Lome
690 _aEmergency medical and psychological team
690 _aFire
690 _aTogo
786 0 _nPsy Cause | 66 | 2 | 2014-01-18 | p. 43-47 | 1245-2394
856 4 1 _uhttps://shs.cairn.info/revue-psy-cause-2014-2-page-43?lang=fr&redirect-ssocas=7080
999 _c1739590
_d1739590